| 000 | 00518nam a22001697a 4500 | ||
|---|---|---|---|
| 005 | 20251108173642.0 | ||
| 008 | 250721s2001 xx 000 0 ara d | ||
| 082 | 1 | 4 | _aط/372.2/عد |
| 245 | 1 | 0 | _aعد الخراف قبل النوم لماذا ننام ؟ / |
| 264 | 1 |
_aبيروت : _bدار العربية للعلوم، _c2001. |
|
| 300 | _a30ص. | ||
| 490 | 0 | _aالعب وتعلم | |
| 650 | 1 | 7 | _aتعلم |
| 653 | _aأطفال مرحلة متوسطة (6-9)سنوات | ||
| 942 |
_2ddc _cBK |
||
| 999 |
_c109095 _d109095 |
||